El trabajo de los profesores : (Registro nro. 8559)

Detalles MARC
000 -Cabecera
Campo de control interno 00480nam a2200181Ia 4500
005 - Fecha y hora del registro
control field 20260306160618.0
008 - Elementos de Longitud Fija
fixed length control field 260306t2010||||xx |||||||||||||| ||spa||
041 ## - Idioma
Codigo Idioma ESP
082 ## - DEWEY y NOTACIÓN INTERNA
Dewey 371.11
Notación Interna I77
100 ## - AUTOR
Autor denominación Isaacs, David,
Término de relación autor
245 #0 - TÍTULO DE MATERIAL BIBLIOGRÁFICO
Título El trabajo de los profesores :
Título paralelo virtudes en los educadores, justicia-comprensión-optimismo
260 ## - CIUDAD, EDITORIAL, AÑO
Año 2010
300 ## - DESCRIPCIÓN
N° Páginas 112 páginas:
Dimensiones 21 cm.
650 ## - TEMAS
Temas Generalidades
654 ## - PROGRAMAS
Programa Dpto. de Educación
942 ## - ELEMENTOS DE KOHA
Tipo de documento Libro
Nombre del creador Justo Noguera
Código de catalogador Justo Noguera
Esquema de clasificación Dewey Decimal Classification
Suppress in OPAC
Existencias
Codigo completo Registro Colección Copia número Disponibilidad Tipo de préstamo Biblioteca Actual Procedencia (Biblioteca) Ubicacón Fecha Ingreso Tipo de Adquisición Date last seen Total checkouts Price effective from Tipo de Item Estado del Material Fuente de Clasificación Damaged status Withdrawn status
371.11 I77 1079947 Universidad Católica San Pablo 1 Disponible Disponible Víctor Andrés Belaunde Víctor Andrés Belaunde Planta baja abierta 03/06/2026 Compra 06/03/2026   06/03/2026 Libro Bueno Dewey Decimal Classification